| 000 | 00755nam a2200229Ia 4500 | ||
|---|---|---|---|
| 003 | OSt | ||
| 005 | 20210922154524.0 | ||
| 008 | 210310s1966 nyuad gr 000 0 spa d | ||
| 040 |
_aCO-JMCR _cCO-JMCR |
||
| 041 | 0 | _aeng | |
| 082 | 0 | 4 |
_a338.5 / _bB763e _223 |
| 100 | 1 |
_aBoulding, Kenneth E., _eautor _917411 |
|
| 245 | 1 | 0 |
_aEconomic analysis : _bmicroeconomics / _cKenneth E. Boulding |
| 250 | _aFouth edition | ||
| 260 |
_aNew york : _bHarper & Row, _c1966 |
||
| 300 |
_a720 pages : _bblack and white illustrations and graphics ; _c23 cm. |
||
| 500 | _aIncludes index | ||
| 505 | 0 | _aElementary price theory. -- The theory of economic behavior. | |
| 650 | 1 | 4 |
_aEconomic analysis _940715 |
| 650 | 2 | 4 |
_aEconomic Organization _940716 |
| 942 |
_2ddc _cBK |
||
| 999 |
_c12518 _d12518 |
||